000 00500nam a2200169Ia 4500
008 240729s9999 xx 000 0 und d
022 _a2514-7153
245 0 _aInternational Journal of First Aid Education
260 _aUnited States
260 _bAperio
650 _a Internal medicine
650 _a Medical emergencies. Critical care. Intensive care. First aid
650 _aMedicine
856 _uhttps://doaj.org/toc/0769185d9c04458fa973d8f0c6656eac
942 _2ddc
942 _cDOAJEJ
999 _c73379
_d73379
945 _a1
_bMadushi Gamage
_c1
_dMadushi Gamage